Lexus LFA Colour - 1 - Statistics

General Stats
  • This quiz has been taken 6 times
  • The average score is 5 of 15
Answer Stats
Hint Full name % Correct
Black Black
67%
Orange Orange
67%
Red Red
50%
Brown Brown Stone
33%
White Ivory White
33%
Brown Pearl Brown
33%
Red Pearl Red
33%
White Pearl White
33%
Black Starlight Black
33%
Orange Sunset Orange
33%
Black Amethyst Black
17%
Black Matte Black
17%
Gray Pearl Gray
17%
Gray Steel Gray
17%
White Whithest White
0%
No matching quizzes found
Score Distribution
Percent of People with Each Score
Percentile by Number Answered
Your Score History
You have not taken this quiz